00845 a2200205 4500010001400000020001100014035001300025037001800038082001700056090001500073100002500088245008000113260005700193270013600250300003600386650002900422942003200451999001500483952014100498 aENG-85436 c120.00 aEN-68969 bD.B.Act / Pub00a347.03502643 c3069d30691 aSuryanarayana, R. V.10aSupreme court judgments on disciplinary proceedingscby R. V. Suryanarayana aBangalorebParsam Institute of Statutory Rulesc2005 a38/1, R.V. Road, Basavanagudi, Bangalore-560004bBangalorecKarnatakae560004minfo@parsaminstitute.comk080-51205574l080-26573951 av. 1 (xvi, 88 p.)c21 cm. (Pbk) 0aDisciplinary proceedings adplcENk347.03502643 / SUR c3008d3008 00102ddc40718NFICaDBADbDBADeDBAD/PUBg120.00l0o347.03502643 SURpEN-68969r2008-09-15 00:00:00t1u3202v120.00w2008-09-15yEN